[Event "SC Steinfurt 1 - SC Rochade Emsdetten 1"]
[Site "Regionalliga Münsterland 2018"]
[Date "2019.02.02"]
[Round "6.8"]
[White "Raue, Thorsten"]
[Black "Noering, Andreas"]
[Result "1-0"]
[WhiteElo "1792"]
[BlackElo "1829"]
[PlyCount "59"]
[EventDate "2019.??.??"]
[SourceDate "2019.02.09"]

1. b4 c6 2. e3 d5 3. Bb2 Nf6 4. c4 Bf5 5. Qb3 e6 6. Nf3 Nbd7 7. d4 dxc4 8. Bxc4
Nb6 9. Be2 Bd6 10. Nbd2 Qe7 11. b5 O-O 12. O-O cxb5 13. Bxb5 Nbd7 14. Nc4 Rfc8
15. Nxd6 Qxd6 16. Rac1 a6 17. Bd3 Bxd3 18. Qxd3 b5 19. e4 Qb6 20. d5 exd5 21.
e5 Ne8 22. Qxd5 Nf8 23. Nd4 Qd8 24. Qe4 Qb6 25. Nc6 Ng6 26. Rfd1 a5 27. Rd7 Ra6
28. Qf5 Nf6 29. exf6 Rxc6 30. Rxc6 1-0

[Event "SK Münster 3 - SG Ahaus-Wessum 1"]
[Site "Regionalliga Münsterland 2018"]
[Date "2019.02.02"]
[Round "6.1"]
[White "Wensing, Maximilian"]
[Black "Quante, Lennart"]
[Result "1/2-1/2"]
[WhiteElo "2030"]
[BlackElo "2071"]
[PlyCount "117"]
[EventDate "2019.??.??"]
[SourceDate "2019.02.09"]

1. c4 Nf6 2. Nc3 g6 3. g3 Bg7 4. Bg2 O-O 5. b3 c5 6. Bb2 Nc6 7. Nf3 Rb8 8. O-O
a6 9. d4 cxd4 10. Nxd4 Nxd4 11. Qxd4 d6 12. Rfd1 Be6 13. Ne4 Qa5 14. Bc3 Qf5
15. g4 Qxg4 16. Nxf6+ exf6 17. Qxg4 Bxg4 18. f3 Be6 19. Rxd6 Rfd8 20. Rad1 Rxd6
21. Rxd6 Bf8 22. Rd3 f5 23. Be5 Rc8 24. a4 b6 25. f4 Bc5+ 26. Kf1 a5 27. Bd5
Re8 28. Bc6 Rc8 29. Bd7 Bxd7 30. Rxd7 Kf8 31. Bd6+ Bxd6 32. Rxd6 Rb8 33. Rd7
Kg7 34. e3 Kf6 35. Ke2 Ke6 36. Rd5 Rc8 37. Kd3 Rc6 38. Rb5 f6 39. c5 bxc5 40.
Kc4 Kd6 41. Rxa5 g5 42. Ra7 Rb6 43. Kc3 h5 44. fxg5 fxg5 45. Rh7 Ke5 46. Rxh5
g4 47. h3 gxh3 48. Rxh3 Ke4 49. Rh5 Rb8 50. Rh3 Rb7 51. Rh4+ Kxe3 52. Rh3+ Ke2
53. Rh5 Rf7 54. Kc4 f4 55. Kxc5 f3 56. a5 f2 57. Rh1 Rf5+ 58. Kb6 Rf6+ 59. Kc5
1/2-1/2

[Event "SK Münster 3 - SG Ahaus-Wessum 1"]
[Site "Regionalliga Münsterland 2018"]
[Date "2019.02.02"]
[Round "6.2"]
[White "Borrink, Joern"]
[Black "Schulze Ameling, Hendrik"]
[Result "1/2-1/2"]
[WhiteElo "2119"]
[BlackElo "1983"]
[PlyCount "52"]
[EventDate "2019.??.??"]
[SourceDate "2019.02.09"]

1. e4 e6 2. d4 d5 3. e5 c5 4. c3 Nc6 5. Nf3 Qb6 6. a3 Nh6 7. b4 cxb4 8. cxb4
Nf5 9. Bb2 Bd7 10. g4 Nfe7 11. Nc3 Rc8 12. Na4 Qc7 13. Rc1 a6 14. Bd3 Ng6 15.
Bb1 Qd8 16. Nc5 Bxc5 17. Rxc5 b6 18. Rc1 Na7 19. O-O Rxc1 20. Bxc1 Nb5 21. Qb3
Nh4 22. Rd1 Nxf3+ 23. Qxf3 Qh4 24. Rd3 h5 25. h3 hxg4 26. Qxg4 Qxg4+ 1/2-1/2

[Event "SK Münster 3 - SG Ahaus-Wessum 1"]
[Site "Regionalliga Münsterland 2018"]
[Date "2019.02.02"]
[Round "6.3"]
[White "Rosing, Hermann"]
[Black "Virnyi, Julius"]
[Result "1/2-1/2"]
[WhiteElo "1991"]
[BlackElo "2039"]
[PlyCount "50"]
[EventDate "2019.??.??"]
[SourceDate "2019.02.09"]

1. e4 c5 2. Nf3 d6 3. d4 cxd4 4. Nxd4 Nf6 5. Nc3 Nc6 6. f3 e5 7. Nb3 Be7 8. Be3
O-O 9. Qd2 a5 10. Bb5 Na7 11. Bc4 a4 12. Nc1 a3 13. bxa3 Be6 14. Nd5 Bxd5 15.
exd5 Qc7 16. Bb3 Nb5 17. Ne2 Nxa3 18. O-O Nc4 19. Qd3 Nxe3 20. Qxe3 Nd7 21. c4
Rfe8 22. Ng3 Qc5 23. Qxc5 Nxc5 24. Ne4 Nxe4 25. fxe4 Rec8 1/2-1/2

[Event "SK Münster 3 - SG Ahaus-Wessum 1"]
[Site "Regionalliga Münsterland 2018"]
[Date "2019.02.02"]
[Round "6.4"]
[White "Kubo, Thomas"]
[Black "Diehlmann, Christian"]
[Result "1-0"]
[WhiteElo "1983"]
[BlackElo "1929"]
[PlyCount "59"]
[EventDate "2019.??.??"]
[SourceDate "2019.02.09"]

1. Nf3 d5 2. c4 e6 3. g3 Nf6 4. Bg2 c5 5. cxd5 exd5 6. d4 Nc6 7. O-O Be7 8.
dxc5 Bxc5 9. a3 a5 10. Bg5 Be7 11. Nc3 Be6 12. Rc1 O-O 13. Na4 Ne4 14. Bxe7
Qxe7 15. Nd4 Ne5 16. Nxe6 Qxe6 17. Qd4 f5 18. Nc5 Qd6 19. Nxb7 Qe6 20. Nc5 Qd6
21. Nxe4 fxe4 22. Bxe4 Rad8 23. Rfd1 Qf6 24. Bg2 h5 25. Rc5 h4 26. Rxd5 hxg3
27. Rxd8 gxf2+ 28. Kf1 Ng4 29. Rxf8+ Qxf8 30. Qxg4 1-0

[Event "SK Münster 3 - SG Ahaus-Wessum 1"]
[Site "Regionalliga Münsterland 2018"]
[Date "2019.02.02"]
[Round "6.5"]
[White "Winking, Hendrik"]
[Black "Austrup, David"]
[Result "0-1"]
[WhiteElo "1927"]
[BlackElo "1952"]
[PlyCount "48"]
[EventDate "2019.??.??"]
[SourceDate "2019.02.09"]

1. d4 Nf6 2. c4 g6 3. Nc3 Bg7 4. e4 d6 5. Bg5 O-O 6. Qd2 c5 7. d5 e6 8. f3 exd5
9. cxd5 a6 10. a4 Nbd7 11. Nh3 Ne5 12. Nf2 Bd7 13. Be2 b5 14. axb5 axb5 15.
Rxa8 Qxa8 16. Nxb5 Bxb5 17. Bxb5 Rb8 18. Be2 Nfd7 19. O-O Rxb2 20. Qd1 Qa2 21.
Re1 Nb6 22. Kf1 Na4 23. Nd3 Nc3 24. Qc1 Nxd3 0-1

[Event "SK Münster 3 - SG Ahaus-Wessum 1"]
[Site "Regionalliga Münsterland 2018"]
[Date "2019.02.02"]
[Round "6.6"]
[White "Kamp, Adrian"]
[Black "Woltering, Martin"]
[Result "1-0"]
[WhiteElo "1894"]
[BlackElo "1818"]
[PlyCount "45"]
[EventDate "2019.??.??"]
[SourceDate "2019.02.09"]

1. e4 e6 2. d4 d5 3. e5 c5 4. c3 Nc6 5. Nf3 Bd7 6. Bd3 cxd4 7. cxd4 Qb6 8. O-O
Nxd4 9. Nxd4 Qxd4 10. Nc3 a6 11. Qe2 Rc8 12. Kh1 Bc5 13. f4 Nh6 14. Bd2 Ng4 15.
Qxg4 Qxd3 16. Qxg7 Rf8 17. f5 Qxd2 18. Rad1 Qxb2 19. fxe6 fxe6 20. Ne4 Rxf1+
21. Rxf1 Kd8 22. Nxc5 Qb5 23. Qf8+ 1-0

[Event "SK Münster 3 - SG Ahaus-Wessum 1"]
[Site "Regionalliga Münsterland 2018"]
[Date "2019.02.02"]
[Round "6.7"]
[White "Terdues, Guido"]
[Black "Toval, David"]
[Result "0-1"]
[WhiteElo "1754"]
[BlackElo "1836"]
[PlyCount "50"]
[EventDate "2019.??.??"]
[SourceDate "2019.02.09"]

1. f4 d5 2. Nf3 Nf6 3. e3 g6 4. d4 Bg7 5. Be2 O-O 6. O-O Ne4 7. Nbd2 b6 8. c4
Bb7 9. Qc2 c5 10. cxd5 Nxd2 11. Bxd2 cxd4 12. e4 Nd7 13. Bb4 Rc8 14. Qd2 Nc5
15. Bd3 f5 16. e5 Bxd5 17. b3 Nxd3 18. Qxd3 Bxf3 19. Rxf3 Qd7 20. Rd1 Rfd8 21.
Rf2 a5 22. Be1 e6 23. Rfd2 Bf8 24. Bf2 Bb4 25. Qxd4 Bxd2 0-1

[Event "SK Münster 3 - SG Ahaus-Wessum 1"]
[Site "Regionalliga Münsterland 2018"]
[Date "2019.02.02"]
[Round "6.8"]
[White "Schroeder, Lennart"]
[Black "Messelink, Gerrit"]
[Result "1/2-1/2"]
[WhiteElo "1813"]
[BlackElo "1758"]
[PlyCount "85"]
[EventDate "2019.??.??"]
[SourceDate "2019.02.09"]

1. d4 Nf6 2. Nf3 g6 3. c4 Bg7 4. Nc3 O-O 5. e4 d6 6. Be2 Bg4 7. Bg5 c6 8. O-O
Qc7 9. h3 Bxf3 10. Bxf3 Nbd7 11. Qd2 a5 12. a3 e5 13. Be3 exd4 14. Bxd4 Rfe8
15. Rfd1 Rad8 16. Rac1 Ne5 17. Be2 c5 18. Be3 Nc6 19. f3 Nd4 20. Bxd4 cxd4 21.
Nb5 Qb6 22. Qxd4 Qxd4+ 23. Nxd4 Nxe4 24. fxe4 Rxe4 25. Bf3 Rxd4 26. Bxb7 Rxd1+
27. Rxd1 Bxb2 28. Rd5 Rb8 29. Bc6 Bxa3 30. Rxa5 Bc5+ 31. Kh2 Rb3 32. Rb5 Rxb5
33. Bxb5 f5 34. Kg3 Kg7 35. Kf3 Kf6 36. Bc6 g5 37. Bd5 h5 38. g4 hxg4+ 39. hxg4
Ke5 40. gxf5 Kxf5 41. Bg8 g4+ 42. Kg2 Be3 43. Bf7 1/2-1/2